| 000 | 00382nam a22001577a 4500 | ||
|---|---|---|---|
| 003 | OSt | ||
| 005 | 20240103160230.0 | ||
| 008 | 190418b xxu||||| |||| 00| 0 eng d | ||
| 020 | _a0070620040 | ||
| 040 | _cIIMT UNIVERSITY | ||
| 100 | _aHRTMAN LAURA P | ||
| 245 | _aPERSPECTIVCS IN BUSINESS ETHICS | ||
| 260 |
_aNEW DELHI _bTMH PUB _c2010 |
||
| 300 | _a483 | ||
| 942 |
_2ddc _c02 _e2010 |
||
| 999 |
_c46539 _d46539 |
||